[Event "Ghent op 46th"]
[Site "Ghent"]
[Date "2025.07.22"]
[Round "7"]
[White "Steffens, Olaf"]
[Black "Ghyselen, Wouter"]
[Result "1-0"]
[WhiteElo "2184"]
[BlackElo "2083"]
[PlyCount "61"]
[EventDate "2025.07.19"]
[EventType "swiss"]
[EventRounds "9"]
[EventCountry "BEL"]
[SourceTitle "CB30_2025"]
[SourceDate "2025.07.23"]
[SourceVersion "1"]
[SourceVersionDate "2025.07.23"]
[SourceQuality "1"]

1. d4 Nf6 2. Nc3 d6 3. Bf4 Nbd7 4. Nf3 c6 5. e4 Qa5 6. e5 Nd5 7. Bd2 dxe5 8. dxe5 Nxc3 9. Bxc3 Qd5 10. Qxd5 cxd5 11. Nd4 Nc5 12. Nb5 Kd7 13. 0-0-0 e6 14. Bd4 a6 15. Nd6 Bxd6 16. exd6 Kxd6 17. b4 Ne4 18. f3 Nf6 19. g4 e5 20. Bc5+ Kc6 21. c4 Be6 22. f4 Nxg4 23. Bg2 e4 24. f5 Bxf5 25. Rxd5 Bg6 26. Rhd1 Rae8 27. Ba7 Re5 28. Rd6+ Kc7 29. Bb6+ Kc8 30. Rd8+ Rxd8 31. Rxd8# 1-0

[Event "GER-ch Candidates 96th"]
[Site "Munich"]
[Date "2025.05.20"]
[Round "5"]
[White "Steffens, Olaf"]
[Black "Grossmann, Piet"]
[Result "0-1"]
[WhiteElo "2184"]
[BlackElo "2063"]
[PlyCount "66"]
[EventDate "2025.05.17"]
[EventType "swiss"]
[EventRounds "9"]
[EventCountry "GER"]
[SourceTitle "CB22_2025"]
[SourceDate "2025.05.28"]
[SourceVersion "1"]
[SourceVersionDate "2025.05.28"]
[SourceQuality "1"]

1. d4 d5 2. Nc3 e6 3. Bf4 Bb4 4. e3 Nf6 5. Bd3 c5 6. dxc5 Nbd7 7. Nge2 Nxc5 8. a3 Nxd3+ 9. Qxd3 Bd6 10. 0-0-0 Bxf4 11. exf4 0-0 12. f3 Qa5 13. h4 b6 14. h5 Ba6 15. Qe3 Bxe2 16. Nxe2 Rfc8 17. h6 Qc5 18. Nd4 g6 19. g4 Nd7 20. Kb1 b5 21. Qd2 Nb6 22. f5 e5 23. Nb3 Qc7 24. fxg6 fxg6 25. f4 exf4 26. Nd4 Nc4 27. Qc3 Ne3 28. Nc6 Qb7 29. Qe5 Rxc6 30. Rxd5 Qc7 31. Qd4 Rc4 32. Qf6 Nxd5 33. Qe6+ Qf7 0-1

[Event "Bremen Silvester op-A"]
[Site "Bremen"]
[Date "2024.12.30"]
[Round "7"]
[White "Pahl, Theis"]
[Black "Steffens, Olaf"]
[Result "1-0"]
[WhiteElo "2136"]
[BlackElo "2169"]
[PlyCount "143"]
[EventDate "2024.12.27"]
[EventType "swiss"]
[EventRounds "7"]
[EventCountry "GER"]
[SourceTitle "CB01_2025"]
[SourceDate "2025.01.01"]
[SourceVersion "1"]
[SourceVersionDate "2025.01.01"]
[SourceQuality "1"]

1. e4 Nc6 2. Nf3 g6 3. d4 d6 4. Nc3 Bg7 5. h3 Nf6 6. d5 Nb8 7. Bc4 0-0 8. a4 e5 9. a5 c6 10. Be3 cxd5 11. exd5 Nbd7 12. 0-0 a6 13. Re1 Nh5 14. Bf1 f5 15. Ra3 e4 16. Bg5 Qe8 17. Qd2 Ne5 18. Nd4 h6 19. Bf4 Nxf4 20. Qxf4 Nf7 21. Rd1 g5 22. Qe3 Kh8 23. Rb3 Ne5 24. Ne6 Rf7 25. Nxg7 Kxg7 26. Ne2 f4 27. Qd4 e3 28. fxe3 f3 29. Ng3 Kg8 30. Kh1 Bf5 31. Rxb7 Rxb7 32. Nxf5 Qf8 33. e4 Rf7 34. Bd3 Rc8 35. c3 Re8 36. b4 Rxf5 37. exf5 Nxd3 38. Qxd3 f2 39. Rf1 Re1 40. g4 Qe7 41. Kg2 Qe5 42. Rxf2 Re3 43. Qd2 Qg3+ 44. Kf1 Qxh3+ 45. Rg2 Rg3 46. Kg1 Rd3 47. Qe2 Re3 48. Qd2 Rd3 49. Qe1 Re3 50. Qd2 Qf3 51. Qf2 Qe4 52. f6 Re1+ 53. Kh2 Qe5+ 54. Qg3 Qe4 55. Qxd6 Re2 56. Qd8+ Kf7 57. Qe7+ Qxe7 58. fxe7 Rxe7 59. d6 Re3 60. c4 Ke6 61. Rd2 Kd7 62. c5 Rc3 63. Kg2 Rc4 64. Kf3 Rxb4 65. c6+ Kd8 66. Ke3 Rc4 67. c7+ Kd7 68. Rd4 Rc5 69. Ke4 Rxa5 70. Rc4 Kc8 71. d7+ Kxd7 72. c8Q+ 1-0

[Event "Bremen Silvester op-A"]
[Site "Bremen"]
[Date "2024.12.28"]
[Round "4"]
[White "Merz, Leander"]
[Black "Steffens, Olaf"]
[Result "0-1"]
[WhiteElo "1950"]
[BlackElo "2169"]
[PlyCount "72"]
[EventDate "2024.12.27"]
[EventType "swiss"]
[EventRounds "7"]
[EventCountry "GER"]
[SourceTitle "CB01_2025"]
[SourceDate "2025.01.01"]
[SourceVersion "1"]
[SourceVersionDate "2025.01.01"]
[SourceQuality "1"]

1. e4 Nc6 2. d4 d5 3. e5 f6 4. f4 Nh6 5. Nf3 Bf5 6. c3 e6 7. Be2 Be7 8. 0-0 0-0 9. exf6 Bxf6 10. h3 Qe8 11. Be3 Qg6 12. Kh2 Be4 13. Rg1 Nf5 14. Bf2 h5 15. g3 Qh6 16. h4 g6 17. Nbd2 Nce7 18. Qe1 b6 19. Nxe4 dxe4 20. Ng5 e3 21. Bxe3 Nxe3 22. Bf3 N7f5 23. Bxa8 Rxa8 24. Rg2 Bxg5 25. fxg5 Qf8 26. Re2 Ng4+ 27. Kh3 Qd6 28. Rxe6 Nf2+ 29. Kg2 Qxg3+ 30. Kf1 Qh3+ 31. Kxf2 Qh2+ 32. Kf3 Rf8 33. Qe5 Nxd4+ 34. Ke4 Qe2+ 35. Kxd4 Rd8+ 36. Qd5 c5# 0-1

[Event "Arco op 46th"]
[Site "Arco"]
[Date "2024.10.13"]
[Round "9"]
[White "Steffens, Olaf"]
[Black "Zucchelli, Massimo"]
[Result "1-0"]
[WhiteElo "2175"]
[BlackElo "2003"]
[PlyCount "63"]
[EventDate "2024.10.05"]
[EventType "swiss"]
[EventRounds "9"]
[EventCountry "ITA"]
[SourceTitle "CB44_2024"]
[Source "Chessbase"]
[SourceDate "2024.10.30"]
[SourceVersion "1"]
[SourceVersionDate "2024.10.30"]
[SourceQuality "1"]

1. d4 Nf6 2. Nc3 d5 3. Bf4 a6 4. e3 e6 5. g4 c5 6. g5 cxd4 7. exd4 Ng8 8. Qf3 Nc6 9. 0-0-0 Bd6 10. h4 Nge7 11. h5 Rf8 12. Nge2 Nf5 13. Bh3 Nce7 14. Rhe1 g6 15. Bxd6 Qxd6 16. Nf4 Bd7 17. Bxf5 gxf5 18. Nfxd5 exd5 19. Qxd5 Qf4+ 20. Kb1 Kd8 21. Qc5 Qxg5 22. Qb6+ Kc8 23. f4 Qh4 24. Rxe7 Qxe7 25. Nd5 Qd8 26. Qd6 Bc6 27. Ne7+ Qxe7 28. Qxe7 Rd8 29. Qxf7 Be4 30. d5 Kb8 31. d6 b5 32. Qc7# 1-0

[Event "Arco op 46th"]
[Site "Arco"]
[Date "2024.10.12"]
[Round "8"]
[White "Zayed, Ali Al Hamed"]
[Black "Steffens, Olaf"]
[Result "1-0"]
[WhiteElo "1978"]
[BlackElo "2175"]
[PlyCount "85"]
[EventDate "2024.10.05"]
[EventType "swiss"]
[EventRounds "9"]
[EventCountry "ITA"]
[SourceTitle "CB44_2024"]
[Source "Chessbase"]
[SourceDate "2024.10.30"]
[SourceVersion "1"]
[SourceVersionDate "2024.10.30"]
[SourceQuality "1"]

1. e4 e6 2. d4 b6 3. Bd3 Bb7 4. Nf3 c5 5. c3 Nf6 6. Nbd2 Nc6 7. a3 d5 8. e5 Nd7 9. 0-0 g5 10. b4 g4 11. b5 Na5 12. Ne1 h5 13. f4 f5 14. Nc2 Qc7 15. a4 c4 16. Be2 Nb3 17. Nxb3 cxb3 18. Ne3 Qxc3 19. Rb1 Rc8 20. Rxb3 Qa1 21. Qd2 Qxa4 22. Qd3 Rc4 23. Nxc4 dxc4 24. Qxc4 Qxc4 25. Bxc4 Kf7 26. Ba3 Bh6 27. Bb4 h4 28. Ra3 Rc8 29. Bd3 h3 30. g3 Bf8 31. Bxf8 Kxf8 32. Rxa7 Rc7 33. d5 exd5 34. Bxf5 Nc5 35. Bxg4 Ne4 36. Bxh3 Nd2 37. Rd1 Rc2 38. Rxd2 Rxd2 39. Rxb7 d4 40. e6 d3 41. e7+ Kf7 42. Be6+ Ke8 43. Bg4 1-0

[Event "Arco op 46th"]
[Site "Arco"]
[Date "2024.10.11"]
[Round "7"]
[White "Steffens, Olaf"]
[Black "Kwiatkowski, Jakub1"]
[Result "1-0"]
[WhiteElo "2175"]
[BlackElo "2092"]
[PlyCount "75"]
[EventDate "2024.10.05"]
[EventType "swiss"]
[EventRounds "9"]
[EventCountry "ITA"]
[SourceTitle "CB44_2024"]
[Source "Chessbase"]
[SourceDate "2024.10.30"]
[SourceVersion "1"]
[SourceVersionDate "2024.10.30"]
[SourceQuality "1"]

1. Nc3 Nf6 2. g3 d5 3. Bg2 c5 4. Nf3 Nc6 5. d3 g6 6. 0-0 Bg7 7. e4 d4 8. Nb1 0-0 9. Nbd2 e5 10. Nc4 Ne8 11. a4 Nd6 12. b3 Be6 13. Ng5 Bxc4 14. bxc4 h6 15. Nh3 a6 16. f4 b5 17. axb5 axb5 18. Rxa8 Qxa8 19. cxb5 Nxb5 20. f5 Qd8 21. Qg4 Qf6 22. fxg6 Qxg6 23. Qh4 Nc7 24. Bf3 f5 25. exf5 Rxf5 26. Qe4 Ne7 27. Qb7 Qd6 28. Nf2 Ned5 29. Ne4 Qf8 30. Kg2 Rf7 31. Qc6 Nb4 32. Qg6 Nxc2 33. Bxh6 Nd5 34. Ng5 Nce3+ 35. Kg1 Nf6 36. Ra1 Re7 37. Ra8 Re8 38. Rxe8 1-0

[Event "Arco op 46th"]
[Site "Arco"]
[Date "2024.10.09"]
[Round "5"]
[White "Steffens, Olaf"]
[Black "Tonel, Giulia"]
[Result "0-1"]
[WhiteElo "2175"]
[BlackElo "1936"]
[PlyCount "94"]
[EventDate "2024.10.05"]
[EventType "swiss"]
[EventRounds "9"]
[EventCountry "ITA"]
[SourceTitle "CB44_2024"]
[Source "Chessbase"]
[SourceDate "2024.10.30"]
[SourceVersion "1"]
[SourceVersionDate "2024.10.30"]
[SourceQuality "1"]

1. d3 g6 2. g4 Bg7 3. Bg2 c5 4. c3 Nc6 5. g5 h6 6. Nf3 hxg5 7. Bxg5 d6 8. h4 Rb8 9. a4 a6 10. Na3 Nf6 11. Nc4 b5 12. axb5 axb5 13. Ne3 Nh5 14. Nd5 Be6 15. e4 b4 16. Ra6 Bxd5 17. exd5 Ne5 18. Ra7 Bf6 19. Qa4+ Kf8 20. Nxe5 dxe5 21. Rd7 Qe8 22. d6 Bxg5 23. hxg5 exd6 24. Bd5 Rh7 25. Rxh5 gxh5 26. Qa7 Rd8 27. Rc7 bxc3 28. bxc3 Rg7 29. g6 Rc8 30. gxf7 Rg1+ 31. Ke2 Qd8 32. Rd7 Qh4 33. Rxd6 e4 34. Bxe4 Qg4+ 35. Bf3 Qh3 36. Ke3 Re1+ 37. Kd2 Qf1 38. Rd8+ Rxd8 39. Qxc5+ Re7 40. Be4 Qh3 41. Qb6 Rc8 42. Qh6+ Kxf7 43. Qg6+ Kf8 44. Bf5 Rc6 45. Qg5 Qf3 46. c4 Qxf2+ 47. Kc3 Qe1+ 0-1

[Event "Arco op 46th"]
[Site "Arco"]
[Date "2024.10.07"]
[Round "3"]
[White "Steffens, Olaf"]
[Black "Haase, Georg"]
[Result "1-0"]
[WhiteElo "2175"]
[BlackElo "1855"]
[PlyCount "67"]
[EventDate "2024.10.05"]
[EventType "swiss"]
[EventRounds "9"]
[EventCountry "ITA"]
[SourceTitle "CB44_2024"]
[Source "Chessbase"]
[SourceDate "2024.10.30"]
[SourceVersion "1"]
[SourceVersionDate "2024.10.30"]
[SourceQuality "1"]

1. b3 Nf6 2. e3 b6 3. Bb2 Bb7 4. f4 c5 5. Nf3 Nc6 6. Be2 e6 7. 0-0 Be7 8. Qe1 0-0 9. d3 d5 10. Ne5 d4 11. Bf3 Nd5 12. Na3 dxe3 13. c4 Ndb4 14. Qxe3 Bf6 15. Rad1 Rb8 16. Nb5 Nc2 17. Qf2 N2d4 18. Nxc6 Nxc6 19. Bxc6 Bxc6 20. Nxa7 Be8 21. a4 Ra8 22. Nb5 Bxb5 23. axb5 Bd4 24. Bxd4 Qxd4 25. Qxd4 cxd4 26. Ra1 Rfd8 27. Ra6 Rab8 28. Ra7 Kf8 29. Rfa1 Ke8 30. Kf2 h5 31. Kf3 Rd7 32. Ke4 Rbd8 33. R1a6 f6 34. Rxd7 1-0

[Event "Arco op 46th"]
[Site "Arco"]
[Date "2024.10.06"]
[Round "2"]
[White "Meyer, Thorsten1"]
[Black "Steffens, Olaf"]
[Result "1-0"]
[WhiteElo "1950"]
[BlackElo "2175"]
[PlyCount "55"]
[EventDate "2024.10.05"]
[EventType "swiss"]
[EventRounds "9"]
[EventCountry "ITA"]
[SourceTitle "CB44_2024"]
[Source "Chessbase"]
[SourceDate "2024.10.30"]
[SourceVersion "1"]
[SourceVersionDate "2024.10.30"]
[SourceQuality "1"]

1. e4 Nf6 2. e5 Nd5 3. d4 d6 4. exd6 cxd6 5. Nf3 g6 6. Be2 Bg7 7. 0-0 0-0 8. c3 Nc6 9. Qb3 Nb6 10. Na3 a6 11. Bg5 h6 12. Bd2 e5 13. dxe5 dxe5 14. Be3 Nd7 15. Rad1 Qe7 16. Nc4 Nf6 17. Qb6 e4 18. Ne1 Nd7 19. Qc7 Nce5 20. Nb6 Qh4 21. g3 Qh3 22. Nxa8 Nf6 23. Qxe5 Bg4 24. f3 Rxa8 25. fxg4 Nxg4 26. Bxg4 Qxg4 27. Qd5 Qe2 28. Ng2 1-0

[Event "Copenhagen Obro CXU op"]
[Site "Copenhagen"]
[Date "2024.07.25"]
[Round "5"]
[White "Steffens, Olaf"]
[Black "Gomez Aguirre, Juan Alberto"]
[Result "1-0"]
[WhiteElo "2192"]
[BlackElo "2322"]
[PlyCount "106"]
[EventDate "2024.07.22"]
[EventType "swiss"]
[EventRounds "9"]
[EventCountry "DEN"]
[SourceTitle "CBM 221 Extra"]
[Source "ChessBase"]
[SourceDate "2024.09.30"]
[SourceVersion "1"]
[SourceVersionDate "2024.09.30"]
[SourceQuality "1"]

1. d4 d5 2. Nc3 Nf6 3. Bf4 c5 4. e3 a6 5. dxc5 Qa5 6. Nf3 Qxc5 7. Be2 Nc6 8. 0-0 e6 9. Bd3 b5 10. e4 d4 11. Ne2 e5 12. Bg5 Be7 13. c3 dxc3 14. Nxc3 0-0 15. Nd5 Qd6 16. Rc1 Bb7 17. Nxe7+ Qxe7 18. Nh4 Qe6 19. Nf5 h6 20. Bh4 Kh7 21. f4 Rad8 22. Rxc6 Bxc6 23. fxe5 Qxe5 24. Bg3 Qxb2 25. Rf2 Rxd3 26. Qxd3 Bxe4 27. Qd6 Qc1+ 28. Rf1 Rc8 29. Rxc1 Rxc1+ 30. Kf2 Bxf5 31. Qxa6 Rb1 32. Ke3 Bg6 33. h3 Rb4 34. Bd6 Ra4 35. Qxb5 Rxa2 36. g4 Ra8 37. Kf4 Rd8 38. Be5 Nd5+ 39. Kf3 f6 40. Qa5 Re8 41. Bd4 Be4+ 42. Kg3 Rb8 43. Qa3 Rb4 44. Bc3 Rc4 45. Bd2 Rd4 46. Qb2 Rd3+ 47. Kh2 Bg6 48. Qc1 Rd4 49. Kg3 Rd3+ 50. Kh2 Ne7 51. Bb4 Nd5 52. Bd2 Rd4 53. Kg3 Rd3+ 1-0

[Event "Oberliga Nord W 2324"]
[Site "Germany"]
[Date "2024.04.28"]
[Round "9.2"]
[White "Lehmann, Holger"]
[Black "Steffens, Olaf"]
[Result "1/2-1/2"]
[WhiteElo "2121"]
[BlackElo "2175"]
[PlyCount "141"]
[EventDate "2023.10.22"]
[EventType "team-tourn"]
[EventRounds "9"]
[EventCountry "GER"]
[SourceTitle "EXT 2025"]
[Source "ChessBase"]
[SourceDate "2024.10.14"]
[SourceVersion "1"]
[SourceVersionDate "2024.10.14"]
[SourceQuality "1"]
[WhiteTeam "Hellern"]
[BlackTeam "Werder Bremen III"]
[WhiteTeamCountry "GER"]
[BlackTeamCountry "GER"]

1. d4 Nc6 2. d5 Nb8 3. e4 d6 4. c4 g6 5. Bd3 Bg7 6. h3 Nf6 7. Nc3 Nbd7 8. Bg5 Nc5 9. Bc2 a5 10. Qd2 0-0 11. Nf3 e5 12. g4 c6 13. Nh2 cxd5 14. cxd5 b5 15. f3 b4 16. Ne2 h6 17. Be3 Nfd7 18. h4 Qxh4+ 19. Bf2 Qg5 20. Be3 Qh4+ 21. Bf2 Qe7 22. Nf1 Ba6 23. Be3 f6 24. Bxh6 Bxh6 25. Qxh6 Qg7 26. Kd2 Qxh6+ 27. Rxh6 Kg7 28. Rh1 Nb6 29. Ne3 Nca4 30. b3 Bxe2 31. Kxe2 Nc3+ 32. Kd2 Nb5 33. Bd1 Nd4 34. Rc1 Rfc8 35. Be2 a4 36. Rxc8 Nxc8 37. Bd1 axb3 38. axb3 Nb6 39. Kd3 Ra1 40. Nc4 Nd7 41. Nxd6 Rc1 42. Ne8+ Kf7 43. Nd6+ Kg8 44. Nb7 Nxb3 45. Bxb3 Rxh1 46. Kc4 Rf1 47. Kxb4 Rxf3 48. d6+ Kg7 49. Be6 Nf8 50. Bd5 Rg3 51. Nc5 Rxg4 52. d7 Nxd7 53. Nxd7 Rg3 54. Kc4 Re3 55. Nc5 Kh6 56. Be6 Kh5 57. Kd5 g5 58. Nd7 Rd3+ 59. Kc4 Rf3 60. Bf5 Rxf5 61. exf5 Kg4 62. Nxf6+ Kxf5 63. Nd5 Ke4 64. Nf6+ Kf5 65. Nd5 g4 66. Kd3 g3 67. Ke2 Kg4 68. Ne3+ Kh3 69. Kf3 e4+ 70. Kxe4 g2 71. Nxg2 1/2-1/2

[Event "Oberliga Nord W 2324"]
[Site "Germany"]
[Date "2024.04.14"]
[Round "8.5"]
[White "Chokhonelidze, Giorgi"]
[Black "Steffens, Olaf"]
[Result "0-1"]
[WhiteElo "2267"]
[BlackElo "2175"]
[PlyCount "78"]
[EventDate "2023.10.22"]
[EventType "team-tourn"]
[EventRounds "9"]
[EventCountry "GER"]
[SourceTitle "EXT 2025"]
[Source "ChessBase"]
[SourceDate "2024.10.14"]
[SourceVersion "1"]
[SourceVersionDate "2024.10.14"]
[SourceQuality "1"]
[WhiteTeam "Delmenhorst"]
[BlackTeam "Werder Bremen III"]
[WhiteTeamCountry "GER"]
[BlackTeamCountry "GER"]

1. Nf3 d6 2. c4 g6 3. g3 Bg7 4. Bg2 c6 5. 0-0 Na6 6. d3 Nh6 7. Nc3 0-0 8. Bd2 f5 9. Rb1 e5 10. b4 f4 11. b5 Nc5 12. bxc6 bxc6 13. Ne1 Qg5 14. Bxc6 Bh3 15. Bg2 Qh5 16. Bf3 Ng4 17. Ng2 fxg3 18. fxg3 e4 19. Bxg4 Qxg4 20. Nd5 Rxf1+ 21. Qxf1 exd3 22. e3 Qe4 23. Ndf4 Rf8 24. Qe1 Bxg2 25. Nxg2 Qxc4 26. Rc1 Qxa2 27. Nf4 g5 28. Nh5 Ne4 29. Rd1 Be5 30. Nf4 gxf4 31. gxf4 Bg7 32. Bb4 Rf6 33. Bd2 Rg6+ 34. Kf1 Bc3 35. Qh4 Nxd2+ 36. Rxd2 Qb1+ 37. Kf2 Qg1+ 38. Kf3 Qh1+ 39. Kf2 Qg2+ 0-1

[Event "Oberliga Nord W 2324"]
[Site "Germany"]
[Date "2023.11.19"]
[Round "2.5"]
[White "Steffens, Olaf"]
[Black "Clemens, Christian"]
[Result "1-0"]
[WhiteElo "2175"]
[BlackElo "2161"]
[PlyCount "93"]
[EventDate "2023.10.22"]
[EventType "team-tourn"]
[EventRounds "9"]
[EventCountry "GER"]
[SourceTitle "EXT 2025"]
[Source "ChessBase"]
[SourceDate "2024.10.14"]
[SourceVersion "1"]
[SourceVersionDate "2024.10.14"]
[SourceQuality "1"]
[WhiteTeam "Werder Bremen III"]
[BlackTeam "Braunschweig Gliesmarode"]
[WhiteTeamCountry "GER"]
[BlackTeamCountry "GER"]

1. d3 d5 2. f4 g6 3. Nf3 Bg7 4. c3 c5 5. Nbd2 d4 6. cxd4 cxd4 7. g3 Nc6 8. Bg2 Nf6 9. 0-0 0-0 10. Nc4 Be6 11. Nce5 Nxe5 12. fxe5 Ng4 13. Ng5 Bc8 14. e6 f6 15. Ne4 Qb6 16. b4 Bxe6 17. Nc5 Rab8 18. h3 Ne5 19. Bb2 Rfd8 20. Qa4 a6 21. Kh2 f5 22. Rac1 Nd7 23. Nxe6 Qxe6 24. Qa5 Qxe2 25. Bxd4 Bxd4 26. Qd5+ e6 27. Qxd4 Ne5 28. Qb6 Nxd3 29. Rcd1 Rd7 30. Kh1 Nf2+ 31. Qxf2 Qxf2 32. Rxd7 Qxg3 33. Rc1 Qe5 34. Rcc7 b5 35. Bb7 Qf6 36. Bxa6 Rd8 37. Rxd8+ Qxd8 38. Rc8 Qxc8 39. Bxc8 Kf7 40. Bd7 e5 41. Bxb5 Ke7 42. a4 g5 43. a5 Kd6 44. a6 Kc7 45. Bd7 f4 46. Bf5 h6 47. Kg2 1-0

[Event "Oberliga Nord W 2223"]
[Site "Germany"]
[Date "2023.05.07"]
[Round "9.6"]
[White "Steffens, Olaf"]
[Black "Witthaus, Joerg"]
[Result "1/2-1/2"]
[WhiteElo "2112"]
[BlackElo "2015"]
[PlyCount "171"]
[EventDate "2022.10.23"]
[EventType "team-tourn"]
[EventRounds "9"]
[EventCountry "GER"]
[SourceTitle "EXT 2025"]
[Source "ChessBase"]
[SourceDate "2024.10.14"]
[SourceVersion "1"]
[SourceVersionDate "2024.10.14"]
[SourceQuality "1"]
[WhiteTeam "Werder Bremen III"]
[BlackTeam "Ricklingen"]
[WhiteTeamCountry "GER"]
[BlackTeamCountry "GER"]

1. d3 d5 2. f4 g6 3. Nf3 Bg7 4. c3 c5 5. Qc2 Nc6 6. e4 e6 7. a3 Nge7 8. b4 b6 9. b5 Na5 10. Nbd2 Qc7 11. g3 Bb7 12. Be2 c4 13. d4 dxe4 14. Ne5 e3 15. Ndf3 f6 16. Ng4 Nb3 17. Rb1 Nxc1 18. Qxc1 Nf5 19. Nxe3 0-0 20. 0-0 Nxe3 21. Qxe3 Rfe8 22. Rfe1 Rac8 23. Nd2 Bd5 24. Bf3 Qd7 25. a4 Kf7 26. Ne4 Rcd8 27. Rb2 h6 28. Rbe2 Kg8 29. Qf2 e5 30. dxe5 fxe5 31. Rd2 Qc7 32. Rxd5 Rxd5 33. Nf6+ Bxf6 34. Bxd5+ Kg7 35. Bc6 Re7 36. f5 Qd6 37. fxg6 e4 38. Rxe4 Kxg6 39. Kg2 Kg7 40. Rg4+ Kf7 41. Qf5 Qd2+ 42. Kh3 Re2 43. Qh7+ Ke6 44. Qg8+ Kd6 45. Qb8+ Ke6 46. Qe8+ Kd6 47. Qb8+ Ke6 48. Qc8+ Kd6 49. Bg2 Ke7 50. Qxc4 h5 51. Qc7+ Qd7 52. Qxd7+ Kxd7 53. Re4 Rd2 54. Bf3 h4 55. gxh4 Rd3 56. Kg4 Rxc3 57. h5 Rc5 58. h4 Re5 59. Rxe5 Bxe5 60. Kf5 Bd4 61. Kg6 Ke7 62. h6 Kf8 63. h5 Kg8 64. Bd5+ Kh8 65. h7 Bc5 66. Bg8 Bd4 67. Kf5 Bc5 68. Ke6 Bf2 69. Kd7 Be3 70. Kc6 Bf2 71. Kb7 Be3 72. Kxa7 Bf2 73. Ka6 Be3 74. a5 bxa5 75. Kxa5 Bf2 76. Ka6 Be3 77. Kb7 Bf2 78. Kc7 Bg3+ 79. Kd7 Bf2 80. Ke6 Be3 81. Kf6 Bd4+ 82. Kg6 Be3 83. Bd5 Bd4 84. Be4 Be3 85. Bf5 Bd4 86. Bd3 1/2-1/2

[Event "Oberliga Nord W 2223"]
[Site "Germany"]
[Date "2023.04.23"]
[Round "8.5"]
[White "Steffens, Olaf"]
[Black "Hoerstmann, Rudi"]
[Result "1-0"]
[WhiteElo "2091"]
[BlackElo "2218"]
[PlyCount "47"]
[EventDate "2022.10.23"]
[EventType "team-tourn"]
[EventRounds "9"]
[EventCountry "GER"]
[SourceTitle "EXT 2025"]
[Source "ChessBase"]
[SourceDate "2024.10.14"]
[SourceVersion "1"]
[SourceVersionDate "2024.10.14"]
[SourceQuality "1"]
[WhiteTeam "Werder Bremen III"]
[BlackTeam "Lister Turm II"]
[WhiteTeamCountry "GER"]
[BlackTeamCountry "GER"]

1. d3 c5 2. g4 d5 3. Bg2 Nc6 4. g5 e5 5. Nc3 Be6 6. e4 d4 7. Nce2 Bd6 8. f4 exf4 9. Nxf4 Qxg5 10. Nf3 Qe7 11. Nxe6 Qxe6 12. 0-0 Ne5 13. c3 Ne7 14. Ng5 Qd7 15. Bh3 Qc7 16. Qh5 N7g6 17. Bd2 f6 18. Ne6 Qf7 19. cxd4 cxd4 20. Rac1 Nxd3 21. Qb5+ Ke7 22. Qxb7+ Ke8 23. Qxa8+ Ke7 24. Qb7+ 1-0